EIRLSBN : Twenty years of achievements in rice breeding
Considerable progress has been made in the development of new varieties of rice in eastern India, although the literature on this subject is limited. Evidence of this is the development and release of many new improved varieties. At least 20 of these varieties have been released in India from lowlan...
Sparad:
| Materialtyp: | Bok |
|---|---|
| Språk: | Undetermined |
| Publicerad: |
Los Baños, Philippines
IRRI, International Rice Research Institute
2013
|
| Ämnen: | |
| Taggar: |
Lägg till en tagg
Inga taggar, Lägg till första taggen!
|
| Thư viện lưu trữ: | Trung tâm Học liệu Trường Đại học Cần Thơ |
|---|
| LEADER | 01012nam a2200217Ia 4500 | ||
|---|---|---|---|
| 001 | CTU_220312 | ||
| 008 | 210402s9999 xx 000 0 und d | ||
| 082 | |a 633.18 | ||
| 082 | |b E34 | ||
| 245 | 0 | |a EIRLSBN : | |
| 245 | 0 | |b Twenty years of achievements in rice breeding | |
| 245 | 0 | |c Edited by B.C.Y. Collard, A.M. Ismail, and B. Hardy | |
| 260 | |a Los Baños, Philippines | ||
| 260 | |b IRRI, International Rice Research Institute | ||
| 260 | |c 2013 | ||
| 520 | |a Considerable progress has been made in the development of new varieties of rice in eastern India, although the literature on this subject is limited. Evidence of this is the development and release of many new improved varieties. At least 20 of these varieties have been released in India from lowland dryland transport Network Breeding Oriental (EIRLSBN). | ||
| 650 | |a Lúa,Rice | ||
| 650 | |x Trồng trọt,Breeding | ||
| 650 | |z Ấn Độ,India | ||
| 904 | |i Tien,Hải | ||
| 980 | |a Trung tâm Học liệu Trường Đại học Cần Thơ | ||